000 00835nam a2200229 a 4500
003 CBULib
005 20240425085152.0
008 071009s2006 ||||||||||||||||| || u
040 _aCBULib
_bEnglish
_cCBULib
_dCBULIb
_erda
050 _aUN-ECE(02)2006/3
110 _aUnited Nations Economic Commission for Europe (UNECE)
245 1 0 _aConference of European statisticians recommendations for the 2010 censuses of population and housing
_c/byUnited Nations Economic Commission for Europe (UNECE)
250 _a2007
260 _aNew York
_bUNITED NATIONS
_c2006
300 _a205pages
336 _2rdacontent
_aText |
_btxt
337 _2rdamedia
_aUnmediated |
_bn
338 _2rdacarrier
_aVolume
_bnc
650 _aCENSUS--CONGRESSES
942 _2mc
_c029
999 _c38406
_d38406